An introduction to language and linguistics /
保存先:
| その他の著者: | , |
|---|---|
| フォーマット: | Sách giấy |
| 出版事項: |
Cambridge, UK ; New York :
Cambridge University Press,
2006.
|
| 主題: | |
| オンライン・アクセス: | Table of contents only Contributor biographical information Publisher description |
| タグ: |
タグ追加
タグなし, このレコードへの初めてのタグを付けませんか!
|
| Thư viện lưu trữ: | Thư viện Trường Đại học Đà Lạt |
|---|
| LEADER | 01561nam a2200457 4500 | ||
|---|---|---|---|
| 001 | DLU090068737 | ||
| 005 | ##20090513 | ||
| 008 | ##060525s2006 enka b 001 0 eng | ||
| 010 | # | # | |a 2006276715 |
| 015 | # | # | |a GBA604191 |2 bnb |
| 016 | # | # | |a 013354538 |2 Uk |
| 020 | # | # | |a 0521612357 (pbk.) |
| 020 | # | # | |a 0521847680 (hbk.) |
| 020 | # | # | |a 9780521612357 (pbk.) |
| 020 | # | # | |a 9780521847681 (hbk.) |
| 035 | # | # | |a (OCoLC)ocm62532880 |
| 040 | # | # | |a UKM |c UKM |d BAKER |d BWKUK |d DLC |
| 042 | # | # | |a lccopycat |
| 050 | # | # | |a P121 |b .I58 2006 |
| 082 | # | # | |a 410 |b Int |
| 245 | # | # | |a An introduction to language and linguistics / |c edited by Ralph Fasold and Jeff Connor-Linton. |
| 260 | # | # | |a Cambridge, UK ; |a New York : |b Cambridge University Press, |c 2006. |
| 300 | # | # | |a xv, 540 p. : |b ill. ; |c 26 cm. |
| 504 | # | # | |a Includes bibliographical references (p. [519]-531) and index. |
| 650 | # | # | |a Language and languages. |
| 650 | # | # | |a Linguistics. |
| 700 | # | # | |a Connor-Linton, Jeff. |
| 700 | # | # | |a Fasold, Ralph W. |
| 856 | # | # | |3 Table of contents only |u http://www.loc.gov/catdir/enhancements/fy0661/2006276715-t.html |
| 856 | # | # | |3 Contributor biographical information |u http://www.loc.gov/catdir/enhancements/fy0733/2006276715-b.html |
| 856 | # | # | |3 Publisher description |u http://www.loc.gov/catdir/enhancements/fy0661/2006276715-d.html |
| 923 | # | # | |a 03/2009 |
| 992 | # | # | |a 2711450 |
| 994 | # | # | |a DLU |
| 900 | # | # | |a True |
| 911 | # | # | |a Đào Thị Thu Huyền |
| 925 | # | # | |a G |
| 926 | # | # | |a A |
| 927 | # | # | |a SH |
| 980 | # | # | |a Thư viện Trường Đại học Đà Lạt |


